[Event "Barcelona Tres Peons-B"]
[Site "Barcelona"]
[Date "2021.04.21"]
[Round "8"]
[White "Bagur Cantallops, Antoni"]
[Black "Viader Oliver, Mauro"]
[Result "0-1"]
[WhiteElo "1612"]
[BlackElo "1661"]
[PlyCount "72"]
[EventDate "2021.02.24"]
[EventType "tourn"]
[EventRounds "9"]
[EventCountry "ESP"]
[SourceTitle "EXT 2022"]
[Source "ChessBase"]
[SourceDate "2021.10.06"]
[SourceVersion "1"]
[SourceVersionDate "2021.10.06"]
[SourceQuality "1"]

1. d4 Nf6 2. Bf4 c5 3. e3 Qb6 4. Nc3 g6 5. Nf3 Bg7 6. Nb5 d6 7. Bd3 Nh5 8. Qe2 a6 9. dxc5 Qxc5 10. Bxd6 exd6 11. Nbd4 0-0 12. c3 Nc6 13. Nb3 Qb6 14. 0-0 Re8 15. Qc2 Ne5 16. Nfd4 Nxd3 17. Qxd3 Nf6 18. Rad1 Ne4 19. Nd2 Nxd2 20. Rxd2 Bxd4 21. Qxd4 Qxd4 22. Rxd4 Be6 23. b3 d5 24. Rb4 b5 25. a4 bxa4 26. Rxa4 Reb8 27. b4 Bd7 28. Ra5 Rb5 29. Ra3 Rb6 30. Rfa1 Bb5 31. h4 f6 32. Rd1 Bc4 33. g3 Kf7 34. Kg2 g5 35. Kh3 Ke6 36. Kg4 Be2+ 0-1

[Event "Barcelona Tres Peons-B"]
[Site "Barcelona"]
[Date "2021.02.24"]
[Round "1"]
[White "Bagur Cantallops, Antoni"]
[Black "Gaona Vila, Pau"]
[Result "1-0"]
[WhiteElo "1612"]
[BlackElo "1603"]
[PlyCount "37"]
[EventDate "2021.02.24"]
[EventType "tourn"]
[EventRounds "9"]
[EventCountry "ESP"]
[SourceTitle "EXT 2022"]
[Source "ChessBase"]
[SourceDate "2021.10.06"]
[SourceVersion "1"]
[SourceVersionDate "2021.10.06"]
[SourceQuality "1"]

1. d4 d5 2. Bf4 Bf5 3. e3 e6 4. Nf3 Nf6 5. Nh4 Bg4 6. f3 Nh5 7. Bg3 Nxg3 8. hxg3 Bd6 9. Kf2 Bh5 10. g4 Bg6 11. Nxg6 fxg6 12. Bd3 0-0 13. Rxh7 Qg5 14. Qh1 Nc6 15. c3 e5 16. Nd2 exd4 17. cxd4 Nxd4 18. Ne4 dxe4 19. Bc4+ 1-0